[Event "22nd Hoogeveen Open 2018"]
[Site "Hoogeveen"]
[Date "2018.10.21"]
[Round "2"]
[White "Amin, Bassem"]
[Black "Baskin, Robert"]
[Result "1-0"]
[WhiteElo "2686"]
[BlackElo "2348"]
[Annotator "TA"]
[PlyCount "147"]
[EventDate "2018.10.20"]
[EventType "swiss"]
[EventCountry "NED"]
[SourceTitle "playchess.com"]
[Source "ChessBase"]
[SourceQuality "1"]

{[%evp 24,147,28,28,28,28,35,28,30,28,40,22,32,21,39,26,100,5,7,0,0,0,0,-82,-78,-104,327,131,129,11,9,13,10,0,84,81,90,96,91,80,75,0,0,0,74,77,119,143,136,133,137,137,145,145,145,145,153,153,165,167,166,149,151,160,174,167,174,167,174,174,174,174,174,174,174,174,174,174,174,174,174,174,176,176,176,176,276,264,276,276,276,227,815,815,822,784,943,713,962,895,1364,1724,1429,1137,1679,1705,29963,29964,29943,725,29962,29963,29967,29971,29962,29963,29964,29966,29959,29966,29948,12812,12793,5919,5850,5687]} 1. e4 c6 2. d4 d5 3. exd5 cxd5 4. Bd3 Nc6 5. c3 Nf6 6. Bf4 Bg4 7. Qb3 Qd7 8. Nd2 e6 9. Ngf3 Bd6 10. Bxd6 Qxd6 11. O-O O-O 12. Rfe1 Bxf3 13. Nxf3 Qc7 {B13: Caro-Kann: Exchange Variation and Panov-Botvinnik Attack} (13... Nd7 14. a4 Rab8 15. a5 h6 16. Qa3 Qxa3 17. Rxa3 Rfc8 18. g3 Kf8 19. Rea1 Ke7 20. Rb3 b6 21. axb6 axb6 {1-0 (52) Jumabayev,R (2612)-Saric,I (2669) Riadh 2017}) 14. Qc2 Rac8 15. Re2 $146 ({Predecessor:} 15. Qe2 Nd7 16. g3 Rfe8 17. Kg2 a6 18. h4 h6 19. Bc2 b5 20. a4 b4 21. Qxa6 {½-½ (42) Ni,S (2444)-Gunina,V (2526) Qinhuangdao 2018}) 15... Qf4 {White has an edge.} 16. Qb3 Rc7 17. h3 Ne8 18. Ne5 Nd6 19. Qa3 Nxe5 (19... Rd8 $11) 20. Rxe5 ({Better is} 20. dxe5 $16 Ne4 21. Qxa7) 20... Rc6 $11 21. g3 Qd2 22. Re3 Rb6 23. b4 (23. Rb1 $11) 23... Rc8 $17 24. Qb3 f5 $2 {[%mdl 8192] [#]} (24... g6 $1 $17 {stays on course.} 25. Bc2 Rbc6) 25. Bc2 (25. Be2 $1 $18) 25... Rbc6 $16 {[%cal Rc6c3]} 26. Rd1 (26. Rxe6 $16 Qxc3 {[#]} 27. Qxd5 $1 {[%mdl 512]}) 26... Qxe3 $1 $11 27. fxe3 Rxc3 28. Qa4 Rxc2 (28... b5 $1 $11 29. Qxa7 (29. Qa6 R3c6 $14) 29... R3c7) 29. Qd7 $16 ({Much weaker is} 29. Qxa7 Kf7 $15) 29... Ne4 30. Qxe6+ Kh8 31. Qxf5 {Rf1 is the strong threat.} Nxg3 32. Qf3 ({Not} 32. Qxd5 $2 Ne2+ 33. Kf1 Nc3 $19) (32. Qe5 $16 Ne2+ 33. Kh1) 32... Ne4 $11 33. Rf1 $40 {[%mdl 128] White threatens Qf8+! and mate. Black needs to defend precisely.} (33. b5 {is interesting.} Rxa2 34. Qf5 Rd8 35. Rc1 h6 36. Rc8) 33... Nf6 (33... h6 $11 {keeps the balance.}) 34. Rf2 $16 Rxf2 35. Qxf2 {[%mdl 4096] Endgame KQ-KRN} h6 36. Qb2 a6 37. a3 b5 38. a4 bxa4 39. Qa3 Rc6 40. Qxa4 Re6 41. Qa5 Kg8 42. Kf2 Kf7 43. Qc7+ Kg6 44. Ke2 Kh7 45. Qb7 Kg6 46. Kd3 Kh7 47. Kc2 Kg6 48. Kb2 Kh7 49. Qc8 Rb6 50. Ka3 Kg6 51. Ka4 Kh7 52. h4 h5 53. Qc5 Re6 54. Ka5 {And now e4! would win.} Kg6 (54... Kg8 $142 55. Qc2 Kf7) 55. Qc7 $18 Kh7 56. Qc8 Rd6 57. Qc5 Re6 $2 {[#]} (57... Ne4 58. Qc7 Kg6) 58. e4 $1 {[%mdl 512]} Rxe4 (58... dxe4 59. Qf5+) 59. Kxa6 Rxh4 60. Qc2+ Kg8 61. b5 Rxd4 62. b6 Rc4 63. Qf5 Rc6 64. Kb5 Rd6 65. Kc5 Rd8 66. Kc6 d4 67. b7 d3 68. Qc8 Rxc8+ 69. bxc8=Q+ Kf7 70. Qc7+ Kg6 71. Qg3+ Ng4 72. Qxd3+ Kg5 73. Qd2+ Kf5 74. Qd7+ {Precision: White = 68%, Black = 39%.} 1-0

[Event "22nd Hoogeveen Open 2018"]
[Site "Hoogeveen"]
[Date "2018.10.21"]
[Round "2"]
[White "Guseinov, Gadir"]
[Black "Warakomska, Anna"]
[Result "1-0"]
[WhiteElo "2667"]
[BlackElo "2293"]
[Annotator "TA"]
[PlyCount "125"]
[EventDate "2018.10.20"]
[EventType "swiss"]
[EventCountry "NED"]
[SourceTitle "playchess.com"]
[Source "ChessBase"]
[SourceQuality "1"]

{[%evp 15,125,15,22,11,11,11,11,11,22,26,12,9,18,-9,0,0,9,0,6,-31,-20,-45,2,-5,23,0,45,39,37,45,148,143,161,173,186,158,202,132,235,211,278,235,227,154,160,152,132,136,162,116,212,99,172,168,211,211,211,211,211,211,211,211,211,211,267,267,267,267,267,267,259,252,267,252,266,260,252,252,267,259,259,258,258,251,251,251,500,467,452,443,443,439,423,415,354,354,345,275,439,354,1081,932,1158,1121,1073,1036,775,523,5077,3123,4694,4710]} 1. e4 e5 2. Nf3 Nc6 3. Bb5 {[%cal Bf1b5,Bb5a4,Ba4b3,Bb3a2,Ba2b1][%mdl 32]} a6 4. Ba4 Nf6 5. O-O Be7 6. d3 b5 7. Bb3 d6 8. a4 Bd7 9. Be3 {C84: Closed Ruy Lopez: Unusual White 6th moves} (9. Bd2 O-O 10. h3 b4 11. a5 Rb8 12. c3 h6 13. Re1 Re8 14. d4 Bf8 15. d5 bxc3 16. bxc3 Ne7 {1-0 (54) Grischuk,A (2766)-Caruana,F (2816) Paris 2018}) 9... Na5 10. Ba2 bxa4 11. Nc3 {The position is equal.} O-O $146 ({Predecessor:} 11... Rb8 12. Bb1 c5 13. Nxa4 Qc7 14. Bc1 c4 15. Nc3 O-O 16. Ba2 h6 {0-1 (65) Petruzzelli,R (2130)-Leenders,C (2211) ICCF email 2012}) 12. Bb1 Qe8 13. b3 Nc6 14. bxa4 Be6 15. h3 h6 16. Re1 Qd7 17. Ne2 d5 18. exd5 Nxd5 19. Bd2 Bc5 20. Ng3 f6 21. c3 Rab8 22. Qc2 Ba7 {[#]} (22... f5 $1 $14) 23. d4 $1 $16 {[%mdl 512] Threatens to win with Qh7+.} Rxb1 (23... exd4 24. Qh7+) 24. Raxb1 exd4 25. cxd4 Re8 26. Re4 Bf7 (26... f5 $16 {was called for.} 27. Rxe6 (27. Nxf5 Bxf5 28. Rxe8+ Kh7 $15) 27... Rxe6) 27. Rxe8+ Bxe8 28. Qc4 a5 29. Ne4 Bf7 30. Nc5 Qf5 31. Re1 Bb6 32. Qb5 Ndb4 (32... Nde7 $16 33. Ne4 Qd5 34. Bxh6 Nf5) 33. Na6 (33. Bxb4 $1 $18 {and White stays clearly on top.} Nxb4 34. Re8+ Kh7 35. Rf8) 33... Qxb5 (33... Qd5 $16) 34. axb5 $18 Nxd4 35. Nxd4 ({Don't take} 35. Nxb4 $6 Nxf3+ 36. gxf3 axb4 $16) 35... Bxd4 36. Nxb4 axb4 37. Bxb4 $16 {[%mdl 4096] Endgame KRB-KB} Bb6 38. Rc1 Be8 39. Bc5 {[#] Black must now prevent Bxb6.} Bxb5 40. Bxb6 cxb6 $18 {KR-KB} 41. Rb1 Bd3 42. Rxb6 Kf7 43. Rb7+ Kg6 44. Rd7 Bf5 45. Rc7 Be6 46. Kh2 h5 47. Kg3 Kh6 48. h4 Bd5 49. Rd7 Bc6 50. Rd6 Bb7 $2 (50... Bb5 {keeps fighting.} 51. Kf4 Bf1) 51. f3 Kg6 52. Kf4 Bc8 53. Ke3 Bf5 54. Rd5 Be6 55. Rc5 Bb3 56. Rc7 Be6 (56... Kh6 {was worth a try.} 57. Kf4 Bd5) 57. Kd4 Bf5 $2 (57... Kh6 58. g3 Bh3) 58. Kd5 {White is clearly winning.} Bd3 59. Ke6 Bf1 60. Rc1 Bd3 61. Ke7 Kf5 62. Kf7 g5 63. g3 {Precision: White = 70%, Black = 33%.} 1-0

[Event "22nd Hoogeveen Open 2018"]
[Site "Hoogeveen"]
[Date "2018.10.21"]
[Round "2"]
[White "Van Den Doel, Erik"]
[Black "Bluhm, Sonja Maria"]
[Result "1-0"]
[WhiteElo "2607"]
[BlackElo "2281"]
[Annotator "TA"]
[PlyCount "159"]
[EventDate "2018.10.20"]
[EventType "swiss"]
[EventCountry "NED"]
[SourceTitle "playchess.com"]
[Source "ChessBase"]
[SourceQuality "1"]

{[%evp 13,159,43,48,48,48,51,51,51,50,46,26,30,51,48,49,48,54,53,39,50,45,22,62,61,66,3,60,42,42,32,37,14,14,18,29,0,11,11,14,11,11,11,41,23,33,34,35,21,21,0,0,0,26,26,25,24,22,22,22,22,22,22,22,22,20,18,18,18,42,15,20,15,20,21,18,19,30,16,28,16,16,16,37,37,35,35,58,58,58,51,51,51,51,0,39,0,42,35,51,45,41,34,118,113,116,107,163,163,162,162,162,161,189,187,202,210,266,266,266,258,268,268,342,342,341,337,339,266,266,250,241,225,2188,1487,1237,329,317,314,2064,2307,1404,804,11977,10266,5602,5443,2962,2043]} 1. e4 c5 2. Nf3 Nc6 3. d4 cxd4 4. Nxd4 Nf6 5. Nc3 d6 6. Bg5 e6 7. Qd2 Qb6 8. O-O-O {And now Ndb5 would win. B63: Sicilian: Richter-Rauzer: 7...Be7 and unusual Black 7th moves} Nxd4 9. Qxd4 Qxd4 10. Rxd4 {White is slightly better.} a6 11. Bxf6 gxf6 12. Na4 Bd7 13. Nb6 Rd8 14. Nxd7 Rxd7 15. Be2 Rg8 {[#]} 16. g3 $146 Rg5 17. b4 Rc7 18. Rhd1 Be7 19. R1d3 (19. a4 $14) 19... Kf8 (19... f5 $11) 20. Ra3 Rg8 21. Bd3 Kg7 22. Ra5 Rgc8 23. Rh5 Rc6 24. Kd2 Bd8 {Hoping for ...Bb6.} 25. b5 $1 {[%cal Rb5c6]} axb5 26. Rxb5 Bb6 27. Ra4 R8c7 28. f4 Bg1 29. Rb1 Bc5 ({Don't blunder} 29... Bxh2 $2 30. Rh1 $18) 30. Bb5 Rb6 31. c4 Rc8 32. Ke2 d5 33. cxd5 exd5 34. exd5 Rd8 35. Bd3 {With the idea Rxb6.} Rxb1 36. Bxb1 Rxd5 $11 {[%mdl 4096] Endgame KRB-KRB} 37. Be4 Rd7 38. Rc4 b6 39. Rc2 Rd4 40. Kf3 Rd1 41. a4 Rf1+ 42. Kg2 Rg1+ 43. Kh3 Ra1 44. Bc6 Ra3 45. Bb5 h6 46. Kg2 Ra1 47. Rd2 Rg1+ 48. Kh3 Rc1 49. Rd7 Re1 50. Rc7 {Black must now prevent a5!} Re7 51. Rc8 Bd4 52. Kg4 Bg1 53. Kh3 Bd4 54. Kg4 Bg1 $1 55. Rc2 Bd4 56. Kf5 Bg1 57. h3 {[%cal Bh2h3,Bh3h4][%mdl 32]} Re3 {[#]} ({Black should try} 57... h5 $14) 58. Rc7 $1 $16 Rxg3 59. Bc4 Bd4 (59... Kf8 $16 {was called for.}) 60. Rxf7+ $18 Kh8 {[#]} 61. Rd7 $1 {[%cal Rd7d4]} Ba1 62. h4 h5 63. Be2 Rg7 64. Rd6 Ra7 65. Kg6 {[%cal Rd6d8]} ({But not} 65. Rxb6 $6 Kh7 $16) (65. Bxh5 $6 Rxa4 66. Kg6 (66. Rxb6 Bd4 $16) 66... Ra8 $18) 65... Rg7+ 66. Kxh5 Bc3 67. Rxb6 Ra7 68. Kg6 {[%cal Rb6b8]} Rg7+ 69. Kf5 Ra7 70. Bb5 Kg7 71. Rc6 Bb2 72. Rc2 Bd4 $2 (72... Ba1 73. Rc6 Kh6) 73. Rd2 Bc3 74. Rd3 $2 (74. Rd7+ Rxd7 75. Bxd7) 74... Be1 75. h5 Rc7 $2 (75... Kh6 76. Kxf6 Kxh5 77. Rd5+ Kh6) 76. Rd7+ {White is clearly winning.} Rxd7 77. Bxd7 Bd2 78. Ke4 Kh6 79. Be8 Bc3 80. f5 {Precision: White = 65%, Black = 46%.} 1-0

[Event "22nd Hoogeveen Open 2018"]
[Site "Hoogeveen"]
[Date "2018.10.21"]
[Round "2"]
[White "Pruijssers, Roeland"]
[Black "Schippers, Maurice"]
[Result "1-0"]
[WhiteElo "2501"]
[BlackElo "2272"]
[Annotator "TA"]
[PlyCount "97"]
[EventDate "2018.10.20"]
[EventType "swiss"]
[EventCountry "NED"]
[SourceTitle "playchess.com"]
[Source "ChessBase"]
[SourceQuality "1"]

{[%evp 32,97,20,4,1,0,39,37,53,45,91,103,96,87,106,98,118,117,222,225,227,232,260,261,277,294,265,201,292,230,208,197,281,224,244,178,583,565,550,416,558,354,841,679,755,673,29988,1330,1300,1316,29985,1243,1157,1151,901,835,818,605,596,593,735,729,710,712,645,626,29977,29977]} 1. e4 c5 2. Nf3 e6 3. d4 cxd4 4. Nxd4 Nf6 5. Nc3 Nc6 6. Ndb5 d6 7. Bf4 e5 8. Bg5 a6 9. Na3 b5 10. Nd5 Be7 11. Bxf6 Bxf6 12. c4 b4 13. Nc2 a5 14. g3 {B33: Sicilian: Pelikan and Sveshnikov Variations} Bg5 15. Bg2 O-O 16. O-O Be6 (16... Ne7 17. Nce3 Bxe3 18. Nxe3 Be6 19. Rc1 Nc6 20. Nf5 {1-0 (54) Harikrishna,P (2744)-Yu,Y (2751) Huaian 2017}) 17. f4 {LiveBook: 3 Games} Bh6 18. Qd3 Qb8 $146 ({Predecessor:} 18... exf4 19. gxf4 Rc8 20. Rad1 Bxd5 21. cxd5 Ne7 {0-1 (45) Baufays,H (2408)-Rost,D (2492) ICCF email 2010}) 19. Kh1 Qa7 20. Rad1 Rfd8 21. Nde3 exf4 22. gxf4 Qc5 23. Qe2 f6 24. b3 a4 (24... Kh8 $16) 25. Qf3 $1 $18 axb3 26. axb3 Ra6 27. Bh3 Bf7 28. Nf5 Kh8 29. Nce3 Ra3 (29... Bg6 {is a better defense.} 30. Rd5 Qb6) 30. Nxh6 gxh6 31. Nf5 Rg8 (31... Bg6 {was necessary.} 32. Qg3 h5) 32. Rg1 ({But not} 32. Rxd6 $2 Bxc4 $1 {[%mdl 512]} 33. Rd7 Bxf1 $19) 32... Rg6 {intending ...Qxc4.} 33. Nh4 Na5 $2 (33... Rxg1+ {is tougher.} 34. Rxg1 Ra8) 34. Nxg6+ hxg6 35. Rd3 Ra2 36. Qd1 Rf2 $2 (36... Kg7 37. Rg2 (37. Rxd6 Nxb3 38. Rd7 Qxc4 $18) 37... Rf2 38. Rxf2 (38. Rxd6 Rxf4 39. Be6 Rf1+ 40. Qxf1 Qxd6 $18) 38... Qxf2) 37. Rxd6 Rxf4 38. Rd7 Kg8 {[#]} 39. Rxf7 (39. Rxg6+ $142 $1 {[%mdl 512]} Bxg6 40. Be6+ Bf7 41. Rxf7 Nc6 42. Rxf6+ Kg7 43. Rxf4 Qe7 44. Qg1+ Qg5 45. Rg4) 39... Kxf7 40. Qd7+ Kf8 41. Be6 (41. Rxg6 $142 Qg5 42. Qg7+ Ke8 43. Qg8+ Ke7 44. Rg7+ Qxg7 45. Qxg7+ Kd6 46. Qd7+ Kc5 47. Qd5+ Kb6 48. c5+ Ka7 49. Qd8) 41... Qe7 42. Qc8+ Qe8 43. Qc5+ Kg7 44. Qxa5 {Strongly threatening Qc7+.} Rxe4 45. Qc7+ Kh8 46. Bf7 Qa8 47. Bd5 Qe8 48. Qb6 Rf4 49. Ra1 {Precision: White = 67%, Black = 23%.} 1-0

[Event "22nd Hoogeveen Open 2018"]
[Site "Hoogeveen"]
[Date "2018.10.21"]
[Round "2"]
[White "Kuipers, Stefan"]
[Black "Elgersma, Simon"]
[Result "1-0"]
[WhiteElo "2467"]
[BlackElo "2237"]
[Annotator "TA"]
[PlyCount "67"]
[EventDate "2018.10.20"]
[EventType "swiss"]
[EventCountry "NED"]
[SourceTitle "playchess.com"]
[Source "ChessBase"]
[SourceQuality "1"]

{[%evp 11,67,0,0,-8,0,0,-1,0,-4,0,0,-50,-39,-31,0,0,0,0,0,0,13,0,18,0,22,33,28,25,14,-68,-52,-64,62,53,54,52,65,29,56,37,60,48,56,54,47,60,118,54,66,60,533,553,756,716,29991,29992,29992,29993]} 1. e4 e6 2. d4 d5 3. Nc3 Nf6 4. Bg5 Bb4 5. e5 h6 6. Bc1 Ne4 7. Qg4 {C12: French: Classical System: McCutcheon Variation} Kf8 {White must now prevent ...c5.} ({Much worse is} 7... Nxc3 $6 8. Qxg7 Kd7 9. Bd2 $16) 8. Nge2 c5 {Strongly threatening ...cxd4.} 9. a3 {The position is equal.} h5 10. Qf4 Ba5 11. dxc5 {aiming for b4.} (11. b4 $5 {[%cal Rc3e4]} Nxc3 12. Nxc3 cxb4 13. axb4 Bxb4 14. Bd2 $11) 11... Nd7 $146 ({Predecessor:} 11... Nxc3 12. Nxc3 Bxc3+ 13. bxc3 Qa5 14. Bd2 Nc6 {0-1 (53) Naiditsch,A (2702)-Buhmann,R (2564) Germany 2018}) 12. b4 Nxc3 (12... Bc7 {seems wilder.} 13. Qe3 Nxc3 14. Qxc3 Nxe5 15. Bb2 Qh4) 13. Nxc3 Bc7 14. Qd2 Nxe5 15. Bb2 Qf6 16. Nd1 Qg6 17. Ne3 Bd7 18. f4 Ng4 19. Bd3 Qh6 20. g3 (20. Nxg4 $1 $11 hxg4 21. g3) 20... Nxe3 $15 21. Qxe3 h4 (21... e5 $1 $15 22. O-O (22. Bxe5 $2 Bxe5 23. O-O-O Re8 $19) 22... Re8) 22. Rf1 $14 e5 {And now ...exf4 would win.} 23. O-O-O $1 Re8 24. Qd2 hxg3 25. hxg3 exf4 26. gxf4 Bg4 27. Rde1 Rxe1+ 28. Qxe1 Bh3 {[#]} ({Black should play} 28... Qe6 $14) 29. Rg1 $40 {[%mdl 128] White mounts an attack.} ({White should try} 29. Rh1 $1 $16 {Threatens to win with Be5.} f6 30. Kb1 Qxf4 31. Bb5) 29... Qxf4+ 30. Kb1 f6 $2 {[%mdl 8192] [#]} (30... d4 $14) 31. Rxg7 $1 $18 {[%csl Gg7][%cal Re1e7][%mdl 512]} Bd8 (31... Kxg7 32. Qe7+) 32. Rxb7 Bg2 33. Qe6 {[%csl Gb7][%cal Re6f7]} Rh1+ 34. Ka2 {Precision: White = 64%, Black = 39%.} 1-0

[Event "22nd Hoogeveen Open 2018"]
[Site "Hoogeveen"]
[Date "2018.10.21"]
[Round "2"]
[White "Beerdsen, Thomas"]
[Black "Blagojevic, Tijana"]
[Result "1-0"]
[WhiteElo "2460"]
[BlackElo "2232"]
[Annotator "ChessBase"]
[PlyCount "151"]
[EventDate "2018.10.20"]
[EventType "swiss"]
[EventCountry "NED"]
[SourceTitle "playchess.com"]
[Source "ChessBase"]
[SourceQuality "1"]
[TimeControl "40/5400+30:1800+30"]

1. e4 {[%emt 0:00:00]} e5 {[%emt 0:00:00]} 2. Nf3 {[%emt 0:00:00]} Nc6 {[%emt 0:00:00]} 3. d4 {[%emt 0:00:00]} exd4 {[%emt 0:00:00]} 4. Nxd4 {[%emt 0:00:00]} Nf6 {[%emt 0:00:00]} 5. Nxc6 {[%emt 0:00:00]} bxc6 {[%emt 0:00:00]} 6. e5 {[%emt 0:00:01]} Qe7 {[%emt 0:00:03]} 7. Qe2 {[%emt 0:00:05]} Nd5 {[%emt 0:00:05]} 8. h4 {[%emt 0:00:04]} g6 {[%emt 0:14:31]} 9. Bg5 {[%emt 0:04:41]} Qe6 {[%emt 0:01:50]} 10. c4 {[%emt 0:07:30]} Nb6 {[%emt 0:01:44]} 11. Bf6 {[%emt 0:04:58]} Rg8 {[%emt 0:00:20]} 12. Nd2 {[%emt 0:05:23]} d5 {[%emt 0:07:26]} 13. O-O-O {[%emt 0:17:34]} Nd7 {[%emt 0:06:15]} 14. Nb3 {[%emt 0:02:07]} Nxf6 {[%emt 0:07:45]} 15. Nd4 {[%emt 0:01:03]} Qg4 {[%emt 0:01:53]} 16. exf6+ {[%emt 0:00:19]} Qxe2 {[%emt 0:00:20]} 17. Bxe2 {[%emt 0:00:26]} c5 {[%emt 0:25:08]} 18. Nb5 {[%emt 0:01:27]} Bh6+ {[%emt 0:00:33]} 19. Kb1 {[%emt 0:03:37]} Bf5+ {[%emt 0:00:38]} 20. Ka1 {[%emt 0:01:29]} O-O-O {[%emt 0:00:21]} 21. Rxd5 {[%emt 0:05:06]} a6 {[%emt 0:13:39]} 22. Nc3 {[%emt 0:00:29]} Rge8 {[%emt 0:03:46]} 23. Bf3 {[%emt 0:01:40]} Bd2 {[%emt 0:06:44]} 24. Rd1 {[%emt 0:07:41]} Rxd5 {[%emt 0:01:29]} 25. Bxd5 {[%emt 0:02:14]} Bxc3 {[%emt 0:02:51]} 26. bxc3 {[%emt 0:00:06]} Re2 {[%emt 0:00:18]} 27. Bf3 {[%emt 0:06:06]} Rxf2 {[%emt 0:01:28]} 28. Re1 {[%emt 0:00:06]} h5 {[%emt 0:03:22]} 29. a4 {[%emt 0:09:28]} Bg4 {[%emt 0:00:11]} 30. Re8+ {[%emt 0:04:47]} Kd7 {[%emt 0:00:02]} 31. Re7+ {[%emt 0:00:06]} Kd6 {[%emt 0:00:05]} 32. Bxg4 {[%emt 0:00:21]} hxg4 {[%emt 0:00:06]} 33. Rxf7 {[%emt 0:00:06]} Rxg2 {[%emt 0:02:26]} 34. Rg7 {[%emt 0:00:06]} Ke6 {[%emt 0:00:11]} 35. Rxg6 {[%emt 0:00:29]} Kf7 {[%emt 0:00:02]} 36. h5 {[%emt 0:00:51]} g3 {[%emt 0:00:07]} 37. a5 {[%emt 0:00:49]} c6 {[%emt 0:00:04]} 38. Kb1 {[%emt 0:00:11]} Rg1+ {[%emt 0:02:06]} 39. Kb2 {[%emt 0:00:11]} Rg2+ {[%emt 0:00:04]} 40. Ka3 {[%emt 0:02:41]} Rg1 {[%emt 0:00:07]} 41. Kb3 {[%emt 0:30:24]} Rb1+ {[%emt 0:30:06]} 42. Kc2 {[%emt 0:02:10]} Rg1 {[%emt 0:00:05]} 43. Kd2 {[%emt 0:08:03]} g2 {[%emt 0:00:00]} 44. Ke3 {[%emt 0:00:00]} Rh1 {[%emt 0:00:00]} 45. Rxg2 {[%emt 0:00:00]} Rxh5 {[%emt 0:00:00]} 46. Rg7+ {[%emt 0:00:00]} Kxf6 {[%emt 0:00:00]} 47. Rc7 {[%emt 0:00:00]} Rh3+ {[%emt 0:00:00]} 48. Ke4 {[%emt 0:00:00]} Rh4+ {[%emt 0:00:00]} 49. Kd3 {[%emt 0:00:00]} Rh3+ {[%emt 0:00:00]} 50. Kc2 {[%emt 0:00:00]} Ke6 {[%emt 0:00:00]} 51. Rxc6+ {[%emt 0:00:00]} Kd7 {[%emt 0:00:00]} 52. Rxa6 {[%emt 0:00:00]} Kc7 {[%emt 0:00:00]} 53. Ra7+ {[%emt 0:00:00]} Kc6 {[%emt 0:00:00]} 54. Rg7 {[%emt 0:00:00]} Rh2+ {[%emt 0:00:00]} 55. Kb3 {[%emt 0:00:00]} Rh1 {[%emt 0:00:00]} 56. Rg6+ {[%emt 0:00:00]} Kb7 {[%emt 0:00:00]} 57. Ka4 {[%emt 0:00:00]} Rb1 {[%emt 0:00:00]} 58. a6+ {[%emt 0:00:00]} Ka7 {[%emt 0:00:00]} 59. Ka5 {[%emt 0:00:00]} Rb3 {[%emt 0:00:00]} 60. Rg7+ {[%emt 0:00:00]} Ka8 {[%emt 0:00:00]} 61. Rc7 {[%emt 0:00:00]} Ra3+ {[%emt 0:00:00]} 62. Kb6 {[%emt 0:00:00]} Rb3+ {[%emt 0:00:00]} 63. Kxc5 {[%emt 0:00:00]} Rxc3 {[%emt 0:00:04]} 64. Rh7 {[%emt 0:00:00]} Ra3 {[%emt 0:00:53]} 65. Rh6 {[%emt 0:02:09]} Ka7 {[%emt 0:00:59]} 66. Kd5 {[%emt 0:01:22]} Rd3+ {[%emt 0:00:10]} 67. Kc6 {[%emt 0:00:59]} Rg3 {[%emt 0:01:57]} 68. Rd6 {[%emt 0:06:27]} Kxa6 {[%emt 0:01:54]} 69. Kc7+ {[%emt 0:00:41]} Ka7 {[%emt 0:02:01]} 70. c5 {[%emt 0:00:09]} Rh3 {[%emt 0:03:18]} 71. c6 {[%emt 0:04:22]} Rh7+ {[%emt 0:01:39]} 72. Kc8 {[%emt 0:00:48]} Rh8+ {[%emt 0:01:18]} 73. Rd8 {[%emt 0:00:12]} Rh6 {[%emt 0:00:57]} 74. c7 {[%emt 0:00:06]} Rh7 {[%emt 0:00:22]} 75. Rd1 {[%emt 0:01:24]} Kb6 {[%emt 0:01:49]} 76. Kb8 {[%emt 0:00:10]} 1-0

[Event "22nd Hoogeveen Open 2018"]
[Site "Hoogeveen"]
[Date "2018.10.21"]
[Round "2"]
[White "Shyaamnikhil P"]
[Black "Hoffman, Ron"]
[Result "1-0"]
[WhiteElo "2429"]
[BlackElo "2060"]
[Annotator "TA"]
[PlyCount "63"]
[EventDate "2018.10.20"]
[EventType "swiss"]
[EventCountry "NED"]
[SourceTitle "playchess.com"]
[Source "ChessBase"]
[SourceQuality "1"]

{[%evp 11,63,73,104,90,108,94,97,69,83,70,106,73,137,100,123,127,135,113,111,126,120,99,165,152,156,159,287,288,258,254,237,235,258,260,225,220,324,320,318,286,315,312,421,413,467,453,482,411,631,631,605,590,600,600]} 1. e4 c5 2. c3 d6 3. d4 Nf6 4. Bd3 Nc6 5. Nf3 e5 6. d5 Nb8 {LiveBook: 6 Games. B07: Pirc Defence: Miscellaneous Systems} (6... Ne7 7. O-O Ng6 8. a4 Be7 9. Re1 O-O 10. Na3 Ne8 11. Nc4 f5 12. Qc2 f4 13. Be2 Nh4 14. Nxh4 Bxh4 {0-1 (54) Pospisil,L (2518)-Cruzado Duenas,C (2595) ICCF email 2013}) 7. a4 g6 $146 ({Predecessor:} 7... Be7 8. Nbd2 O-O 9. O-O Ne8 10. Nc4 g6 11. Bh6 Ng7 12. b4 Nd7 13. Qc2 cxb4 14. cxb4 {½-½ (78) Kiik,K (2410)-Pavlov,A (2225) St Petersburg 1997}) 8. h3 Bg7 {White is better.} 9. g4 O-O 10. Na3 Ne8 11. Rg1 Kh8 (11... Nd7 $142) 12. Bg5 f6 13. Be3 Qe7 14. Nd2 {[%cal Bf3d2,Bd2e4,Be4g5,Bg5e6,Be6c7][%mdl 32]} f5 15. exf5 gxf5 16. gxf5 e4 (16... Bxf5 $16 17. Bxf5 Rxf5) 17. Nxe4 Bxf5 18. Ng5 Nd7 (18... Bh6 $16) 19. Bxf5 $18 Rxf5 20. Qd3 Qf6 21. Nc4 Ne5 22. Nxe5 Qxe5 23. Ne6 {aiming for Rg5.} Qxd5 (23... Bh6 $142 24. O-O-O Rf3) 24. Qxd5 Rxd5 {[#]} 25. Rxg7 $1 {[%mdl 512]} Nxg7 26. Nc7 $1 {[%csl LRa8,LRd5]} Re5 {White must now prevent ...Rf8.} 27. Nxa8 Re7 28. O-O-O Ne8 29. Bg5 Rd7 (29... Re4 $142 30. b3 Kg8) 30. Re1 {White is clearly winning.} Ng7 31. Bf6 {[%cal Re1e8]} Kg8 32. Rg1 {Precision: White = 64%, Black = 33%.} 1-0